000 00796nam a22002057a 4500
005 20240530110335.0
008 140907s200 ua o gr 000 0 ara d
040 _aEG-CaGPL
082 4 0 _a579.4
_bط/س ح
_221
100 _aسليمه اكرام
245 1 0 _aحيوانات محبوبه :
_bمومياوات الحيوانات بالمتحف المصرى /
_cسليمه اكرام
260 _bالمجلس الاعلي للاثار
_aالقاهرة :
_c200-
300 _a32 ص ؛
_c24 سم
490 _aسلسلة الثقافة الاثرية : اعرف حضارة بلدك
_v5
650 0 7 _aالمتحف المصري
650 0 7 _aقصص اطفال
650 0 7 _aالحيوانات
_xالفن المصرى القديم
700 _aزاهي حواس
_eمقدم
942 _2ddc
_cBK
999 _c59778
_d59778